Nuevo parque de bomberos en Igualada y traída de aguas para Vallbona
Publicado:
San Jorge, núm. 96 - 97 (juliol 1976), pàg 83 :
MARC
| LEADER | 00000nam a2200000Ia 4500 | ||
|---|---|---|---|
| 001 | |||
| 008 | 160829s9999 xx 000 0 cat d | ||
| 245 | |a Nuevo parque de bomberos en Igualada y traída de aguas para Vallbona | ||
| 260 | |a San Jorge, núm. 96 - 97 (juliol 1976), pàg 83 | ||
| 650 | |a Parcs de bombers |x Igualada |9 43422 | ||
| 650 | |a Aigua |x Dipòsits |x Vallbona |9 43423 | ||
| 901 | |a Arxiu | ||
| 942 | |n 1 | ||
| 952 | |0 0 |1 0 |4 0 |7 1 |9 51423 |a Arxiu |b Arxiu |d 2016-12-01 |l 0 |r 2016-12-01 00:00:00 |w 2016-12-01 |y ARXIU | ||
| 999 | |c 55267 |d 55267 | ||